Страны по частичной фотографии # 1 - Statistics

General Stats
  • This quiz has been taken 4 times
  • The average score is 6 of 15
Answer Stats
Picture Answer % Correct
Италия
100%
Куба
75%
Турция
50%
Кипр
50%
Мадагаскар
50%
Россия
50%
Канада
25%
Индонезия
25%
Греция
25%
Франция
25%
Филиппины
25%
Тайвань
25%
Германия
25%
Ирак
25%
Панама
0%
No matching quizzes found
Score Distribution
Percent of People with Each Score
Percentile by Number Answered
Your Score History
You have not taken this quiz